000 00578cam a2200217 i 4500
001 4646249
005 20180226050011.0
008 800102s1980 nyua b 000 0 eng
010 _a 79027722
020 _a0030474612
040 _aDLC
_cDLC
_dDLC
041 _aeng
080 _a302.35 ETZ
082 0 0 _a302.35 ETZ
100 1 _a50
101 _aSOC
245 1 2 _aA sociological reader on complex organizations /
_cAmitai Etzioni, Edward W. Lehman.
504 _aIncludes bibliographies.
906 _a7
_bcbc
_corignew
_d1
_eocip
_f19
_gy-gencatlg
942 _2ddc
_cBK
999 _c43439
_d43439